000 01505cam a2200373 a 4500
001 4359442
003 OSt
005 20160728101636.0
008 900412s1991 nyu j 000 1 eng
010 _a 90000603
020 _a978043959754
020 _a0439597528
040 _aDLC
_cDLC
_dDLC
042 _alcac
050 0 0 _aPZ 7.N333
_b1991
082 0 0 _aKF
_bN23s 1991
100 1 _aNaylor, Phyllis Reynolds.
_95149
245 1 0 _aShiloh /
_cby Phyllis Reynolds Naylor.
250 _a1st ed.
260 _aNew York :
_bAtheneum ;
_aToronto :
_bCollier Macmillan Canada ;
_aNew York :
_bMaxwell Macmillan International Pub. Group,
_cc1991.
300 _a144 p. ;
_c22 cm.
520 _aWhen he finds a lost beagle in the hills behind his West Virginia home, Marty tries to hide it from his family and the dog's real owner, a mean-spirited man known to shoot deer out of season and to mistreat his dogs.
562 _e2
650 1 _aDogs
_xFiction.
_95154
650 1 _aAnimals
_xTreatment
_xFiction.
_95155
651 1 _aWest Virginia
_xFiction.
_95156
856 4 2 _3Contributor biographical information
_uhttp://www.loc.gov/catdir/bios/simon051/90000603.html
856 4 2 _3Publisher description
_uhttp://www.loc.gov/catdir/description/simon032/90000603.html
856 4 1 _3Sample text
_uhttp://www.loc.gov/catdir/enhancements/fy0641/90000603-s.html
906 _a7
_bcbc
_corignew
_d1
_eocip
_f19
_gy-gencatlg
942 _2lcc
_cBK
999 _c8008
_d8008